| 000 | 00973cam a22002411i 4500 | ||
|---|---|---|---|
| 003 | SA-RiAUC | ||
| 005 | 20251110074753.0 | ||
| 008 | 251108q19001999||| g 000 0 ara c | ||
| 040 |
_aSA-JeALM _bara _cSA-RiAUC _erda |
||
| 043 | _aa-su--- | ||
| 082 | 0 | 4 | _a258.3095313 |
| 090 |
_a258.3095313 _bع ر ف |
||
| 100 | 1 |
_aالعرفج، عبد الإله بن حسين بن محمد _eمؤلف. |
|
| 245 | 1 | 0 |
_aنبذة مختصرة عن المذهب الشافعي في الأحساء / _cعبد الإله بن حسين بن محمد العرفج. |
| 264 | 1 |
_a[مكان النشر غير محدد] : _b[الناشر غير محدد]، _c2010 |
|
| 300 |
_a32 صفحة؛ _c16 سم. |
||
| 336 |
_aنص _btxt _2rdacontent _3كتاب |
||
| 337 |
_aبدون وسيط _bn _2rdamedia |
||
| 338 |
_aمجلد _bnc _2rdacarrier |
||
| 650 | 7 |
_aالفقه الشافعي _zالسعودية _zالأحساء _2aucsh |
|
| 942 |
_2ddc _cBOOK _n0 |
||
| 949 |
_aSA-JeALM _d251108 _umohamedma123 _n1 |
||
| 999 |
_c13116 _d13116 |
||